Текст томруулах:    
Reorganizing MIS (Бичлэгийн дугаар. 145087)
000 -УДИРДЛАГА
Удирдлага 01099nam a22003497a 4500
003 - ХЯНАЛТЫН ТОО ТОДОРХОЙЛОГЧ
Код MN-UlNUM
005 - БИЧИЛТ ХИЙСЭН ОГНОО
Тухайн бичилтийг бичсэн засварласан сүүлийн огноо 20251029105955.0
008 - ЕРӨНХИЙ МЭДЭЭЛЭЛ
Ерөнхий мэдээлэл 251029s1992 inua|||| b||| 001 0 eng d
020 ## - ISBN
ISBN 0672228041
040 ## - БИЧЛЭГ ҮҮСГЭГЧ БАЙГУУЛЛАГА
Бичлэг үүсгэгч номын сангийн код МУИС-ийн номын сан
084 ## - ББК АНГИЛАЛ
Нэмэлт тусгалт Гарын авлага
ББК ангилал 65.290-2
Зохиогчийн гурван тэмдэгт T 46
Мэдлэгийн ялгаа 65 - Эдийн засаг
100 1# - ЗОХИОГЧ
Зохиогчийн нэр Thompson, Don
245 10 - ҮНДСЭН ГАРЧИГ
Номын нэр Reorganizing MIS
Бага гарчгийн мэдээ The evolution of business computing in the 1990s /
Оролцогчдын тухай мэдээ by Don Thompson
260 ## - ГАРАЛТЫН МЭДЭЭ
Хэвлэгдсэн газар Carmel, Ind. :
Хэвлэлийн газар SAMS,
Хэвлэгдсэн он c1992.
300 ## - МАТЕРИАЛЫН ТОДОРХОЙЛОЛТ
хуудасны тоо xviii, 277 p. :
Бусад тоон мэдээлэл ill. ;
Хэмжээ 24 cm
490 1# - БОТЬ / ЦУВРАЛЫН ТУХАЙ МЭДЭЭ
Боть / цувралын зохиогч Professional reference series
500 ## - Тайлбар
Дансны дугаар БС 5603
546 ## - ХЭЛНИЙ ТУХАЙ МЭДЭЭ
Хэл Англи хэл дээр,
653 ## - Түлхүүр үг
Түлхүүр үг management information systems
653 ## - Түлхүүр үг
Түлхүүр үг business
653 ## - Түлхүүр үг
Түлхүүр үг banks and banking
740 ## - НОМЫН ГАРЧИГ
Гарчиг Facets of a new IS culture
740 ## - НОМЫН ГАРЧИГ
Гарчиг Overcoming the politics
740 ## - НОМЫН ГАРЧИГ
Гарчиг Creating an infrastructure
740 ## - НОМЫН ГАРЧИГ
Гарчиг Reengineering the business
740 ## - НОМЫН ГАРЧИГ
Гарчиг Organizational strategies
740 ## - НОМЫН ГАРЧИГ
Гарчиг Downsizing and outsourcing
740 ## - НОМЫН ГАРЧИГ
Гарчиг The future of information systems
942 ## - ЭЛЕМЕНТИЙН ТӨРӨЛ
Зүйлийн төрөл Ном